| 000 | 00596nam a22001697a 4500 | ||
|---|---|---|---|
| 005 | 20111222170152.0 | ||
| 020 |
_a9788189020057 _c95.00 |
||
| 037 | _bPUB | ||
| 100 |
_aBharadwaj, Meenakshi _941691 |
||
| 245 |
_aOne lonely unicorn / _cby Meenakshi Bharadwaj; illustrated by Sonali Biswas |
||
| 260 |
_aNew Delhi _bKatha _c2004 |
||
| 270 |
_aA3 Sarvodaya Enclave, Sri Aurobindo Marg, _bNew Delhi _e110017 |
||
| 300 |
_aunpages _bill. _c26cm(pbk) |
||
| 700 |
_a Biswas, Sonali _937488 |
||
| 942 |
_2ddc _cCH _mBHA |
||
| 999 |
_c59908 _d59908 |
||